000 00255nam a2200109Ia 4500
008 220204s9999 xx 000 0 und d
082 _a004
_bNAT
100 _aNatwar-Singh, K
245 0 _aCurtain raisers
260 _aNew Delhi
_bVikas
_c1984
942 _cBK
999 _c39042
_d39042